Ku canguro está celoso / (Record no. 130285)

MARC details
000 -CABECERA
campo de control de longitud fija 00710nam a2200217 u 4500
005 - FECHA Y HORA DE LA ÚLTIMA TRANSACCIÓN
campo de control 20240228064342.0
008 - ELEMENTOS DE LONGITUD FIJA--INFORMACIÓN GENERAL
campo de control de longitud fija 080724s2007 es r 000 0 spa d
020 ## - NÚMERO INTERNACIONAL NORMALIZADO PARA LIBROS
Número Internacional Estándar del Libro 9788420470870
035 ## - NÚMERO DE CONTROL DEL SISTEMA
Número de control de sistema UPN01000158171
049 ## - COLECCIÓN
Colección I
050 #4 - SIGNATURA TOPOGRÁFICA DE LA BIBLIOTECA DEL CONGRESO
Número de clasificación PZ76.3
Número de documento/Ítem K4.4
100 1# - ASIENTO PRINCIPAL--NOMBRE PERSONAL
Nombre de persona Keselman, Gabriela,
Fechas asociadas al nombre 1953-
9 (RLIN) 31735
245 10 - MENCIÓN DE TÍTULO
Título Ku canguro está celoso /
Mención de responsabilidad, etc. Gabriela Keselman ; il. Nora Hilb.
260 ## - PUBLICACIÓN, DISTRIBUCIÓN, ETC.
Lugar de publicación, distribución, etc. Madrid :
Nombre del editor, distribuidor, etc. Alfaguara,
Fecha de publicación, distribución, etc. c2007.
300 ## - DESCRIPCIÓN FÍSICA
Extensión 27, [4] p. :
Otras características físicas principalmente il. col.
440 #0 - MENCIÓN DE SERIE/ASIENTO SECUNDARIO--TÍTULO
Título Alfaguara infantil.
Designación de volumen o secuencia Pictocuentos
650 #4 - ASIENTO SECUNDARIO DE MATERIA - TERMINO TEMATICO
Término de materia o nombre geográfico como elemento de entrada CANGUROS -
Subdivisión de forma CUENTOS Y LEYENDAS
9 (RLIN) 5979
650 #4 - ASIENTO SECUNDARIO DE MATERIA - TERMINO TEMATICO
Término de materia o nombre geográfico como elemento de entrada Vocabulario
Subdivisión de forma Literatura infantil
9 (RLIN) 9516
700 1# - ASIENTO SECUNDARIO--NOMBRE DE PERSONAL
Nombre de persona Hilb, Nora Inés,
Fechas asociadas al nombre 1953-
Término indicativo de función/relación il.
9 (RLIN) 32428
905 ## - TIPO DE MATERIAL
Tipo de material Infantil
Holdings
Estado de retiro Estado de pérdida Fuente del sistema de clasificación o colocación Estado dañado No para préstamo Código de colección Localización permanente Ubicación/localización actual Ubicación en estantería Fecha de adquisición Total de préstamos Clasificación Código de barras Fecha visto por última vez Número de copia Tipo de ítem Koha
    Library of Congress Classification     Infantil Bib. Gregorio Torres Quintero Bib. Gregorio Torres Quintero Sala infantil Planta baja 10/05/2023 7 PZ76.3 K4.4 259469 31/12/2020 1 Libro